000
00440nam a2200145Ia 4500
008
100122s9999 xx 000 0 und d
082
_b
8018
_a
294.5923
100
_a
जोशी महादेवशास्त्री
245
_a
नवनीत भारत
260
_b
एस् आर गाला
_c
1941
300
_a
50
630
_a
नवनीत भारत
730
_a
नवनीत भारत
942
_c
BOOK
999
_c
400444
_d
400441